Influence of cyberbullying on self-esteem among high school adolescents in Gilgil Sub-County, Nakuru County, Kenya (Record no. 17417)

MARC details
000 -LEADER
fixed length control field 00753nam a22002177a 4500
008 - FIXED-LENGTH DATA ELEMENTS--GENERAL INFORMATION
fixed length control field 190208b xxu||||| |||| 00| 0 eng d
040 ## - CATALOGING SOURCE
Original cataloging agency KABU
Transcribing agency KABU
050 ## - LIBRARY OF CONGRESS CALL NUMBER
Classification number LB3013.3
Item number .W36 2018 c. 1
100 ## - MAIN ENTRY--PERSONAL NAME
Personal name Wanjohi, Rachael Nyambura
245 ## - TITLE STATEMENT
Title Influence of cyberbullying on self-esteem among high school adolescents in Gilgil Sub-County, Nakuru County, Kenya
Statement of responsibility, etc. Rachael Nyambura Wanjohi
250 ## - EDITION STATEMENT
Edition statement 1st ed.
260 ## - PUBLICATION, DISTRIBUTION, ETC. (IMPRINT)
Place of publication, distribution, etc. Kabarak, Nakuru, Kenya
Name of publisher, distributor, etc. Kabarak university
Date of publication, distribution, etc. 2018
300 ## - PHYSICAL DESCRIPTION
Extent xvii, 164 leaves.
Accompanying material CD-ROM
650 ## - SUBJECT ADDED ENTRY--TOPICAL TERM
Topical term or geographic name as entry element Cyberbullying
650 ## - SUBJECT ADDED ENTRY--TOPICAL TERM
Topical term or geographic name as entry element Bullying in schools
650 ## - SUBJECT ADDED ENTRY--TOPICAL TERM
Topical term or geographic name as entry element Computer crimes
650 ## - SUBJECT ADDED ENTRY--TOPICAL TERM
Topical term or geographic name as entry element Internet and teenagers
700 ## - ADDED ENTRY--PERSONAL NAME
Personal name Kay, james
700 ## - ADDED ENTRY--PERSONAL NAME
Personal name Awino, James
942 ## - ADDED ENTRY ELEMENTS (KOHA)
Source of classification or shelving scheme Library of Congress Classification
Koha item type Thesis, Dissertation and Projecs
Edition 1st
Classification part LB3013.3
Call number prefix The
Holdings
Withdrawn status Lost status Source of classification or shelving scheme Not for loan Home library Current library Shelving location Date acquired Total Checkouts Full call number Barcode Date last seen Copy number Price effective from Koha item type
    Library of Congress Classification   Kabarak, Main Campus Kabarak, Main Campus Reserve Collection 08/02/2019   LB3013.3 .W36 2018 c. 1 022867 08/02/2019 c. 1 08/02/2019 Thesis, Dissertation and Projecs
Designed with assistance from East African Informatics Ltd